Sights in the sands of Cholistan : (Record no. 25712)
[ view plain ]
| 000 -LEADER | |
|---|---|
| fixed length control field | 01081 a2200241 4500 |
| 003 - CONTROL NUMBER IDENTIFIER | |
| control field | OSt |
| 005 - DATE AND TIME OF LATEST TRANSACTION | |
| control field | 20170105105413.0 |
| 008 - FIXED-LENGTH DATA ELEMENTS--GENERAL INFORMATION | |
| fixed length control field | 120601t xxu||||| |||| 00| 0 eng d |
| 010 ## - LIBRARY OF CONGRESS CONTROL NUMBER | |
| LC control number | 2007376416 |
| 020 ## - INTERNATIONAL STANDARD BOOK NUMBER | |
| International Standard Book Number | 9780195473537 |
| 040 ## - CATALOGING SOURCE | |
| Transcribing agency | 0 |
| 082 04 - DEWEY DECIMAL CLASSIFICATION NUMBER | |
| Classification number | 720.954916 |
| 245 00 - TITLE STATEMENT | |
| Title | Sights in the sands of Cholistan : |
| Remainder of title | Bahawalpur's history and architecture / |
| Statement of responsibility, etc. | edited by Shujaat Zamir Dar. |
| 260 ## - PUBLICATION, DISTRIBUTION, ETC. | |
| Place of publication, distribution, etc. | Karachi : |
| Name of publisher, distributor, etc. | Oxford University Press, |
| Date of publication, distribution, etc. | 2007. |
| 300 ## - PHYSICAL DESCRIPTION | |
| Extent | xiii, 134 p. : |
| Other physical details | ill. (chiefly col.), maps (some col.) ; |
| Dimensions | 29 cm. |
| 505 0# - FORMATTED CONTENTS NOTE | |
| Formatted contents note | Bahawalpur : its land and people -- The beginning and end of a princedom -- Bahawalpur's forts and fortress-palaces -- Uch : land of the saints -- The Abbasid palaces. |
| 650 10 - SUBJECT ADDED ENTRY--TOPICAL TERM | |
| Topical term or geographic name entry element | Historic buildings |
| Geographic subdivision | Pakistan |
| -- | Bahawalpur Division |
| General subdivision | History. |
| 9 (RLIN) | 3226 |
| 650 10 - SUBJECT ADDED ENTRY--TOPICAL TERM | |
| Topical term or geographic name entry element | Architecture |
| Geographic subdivision | Pakistan |
| -- | Bahawalpur Division |
| General subdivision | History. |
| 9 (RLIN) | 3227 |
| 651 #0 - SUBJECT ADDED ENTRY--GEOGRAPHIC NAME | |
| Geographic name | Bahawalpur District (Pakistan) |
| General subdivision | History. |
| 9 (RLIN) | 3228 |
| 700 1# - ADDED ENTRY--PERSONAL NAME | |
| Personal name | Dar, Shujaat Zamir. |
| 9 (RLIN) | 3229 |
| 942 ## - ADDED ENTRY ELEMENTS (KOHA) | |
| Institution code [OBSOLETE] | SADA |
| Koha item type | Book |
| Call number prefix | 720.954916 SIG 2007 |
| Source of classification or shelving scheme | |
| Withdrawn status | Lost status | Source of classification or shelving scheme | Damaged status | Not for loan | Collection code | Permanent Location | Current Location | Shelving location | Date acquired | Total Checkouts | Full call number | Barcode | Date last seen | Price effective from | Koha item type |
|---|---|---|---|---|---|---|---|---|---|---|---|---|---|---|---|
| Institute of Environmental Science and Engineering (IESE) | Institute of Environmental Science and Engineering (IESE) | General Stacks | 11/14/2017 | 720.9545491 SHU | IESE-1901 | 11/14/2017 | 11/14/2017 | Book |
